000 00651nas a2200229 4500
001 BR7302202
003 BR-BrBNA
005 20231205082422.0
007 ta
008 230509b bl.|||p| |||| 00| 00por d
040 _aBR-BrBNA
_bpor
_cBiblioteca Nacional de Agricultura
041 _a(En, Pt)
072 _aE70
100 1 _aAnon.
245 1 _aCafes lavados, uma nova faixa de mercado
650 _aCOMERCIALIZACAO
650 _aDESPOLPAMENTO
650 _aCAFE TRATADO
773 0 _tRevista do Comercio de Cafe (Brazil)
_xISSN 0034-9224
_g(Nov 1975), p. 20-22
_wBR7302202
909 _a202311
_bLúcia
_c55
_dLúcia Elande
942 _2AGRIS
_n0
_cANA
999 _c91641
_d91641